[Event "AUT-ch U12 Online Rapid"]
[Site "Playchess.com INT"]
[Date "2020.12.13"]
[Round "3"]
[White "Burgstaller, Bastian"]
[Black "Edlbauer, Mario"]
[Result "0-1"]
[WhiteElo "1410"]
[BlackElo "1538"]
[PlyCount "40"]
[EventDate "2020.12.13"]
[EventType "swiss (rapid)"]
[EventRounds "7"]
[EventCountry "AUT"]
[SourceTitle "EXT 2022"]
[Source "ChessBase"]
[SourceDate "2021.10.06"]
[SourceVersion "1"]
[SourceVersionDate "2021.10.06"]
[SourceQuality "1"]

1. e4 d5 2. exd5 Qxd5 3. Nc3 Qd8 4. d3 Bf5 5. Nf3 Nc6 6. Bf4 Nf6 7. Be2 e6 8. 0-0 Bd6 9. Bxd6 Qxd6 10. Nh4 Nd4 11. Nxf5 Nxf5 12. Re1 Nd4 13. Qd2 0-0 14. Rad1 Nxe2+ 15. Rxe2 Ng4 16. g3 Rad8 17. Ne4 Qd5 18. Qf4 Qh5 19. Qxc7 Qxh2+ 20. Kf1 Qh1# 0-1

[Event "AUT-ch U12 Online Rapid"]
[Site "Playchess.com INT"]
[Date "2020.12.13"]
[Round "6"]
[White "Rabitsch, David"]
[Black "Edlbauer, Mario"]
[Result "1-0"]
[WhiteElo "1501"]
[BlackElo "1501"]
[PlyCount "109"]
[EventDate "2020.12.13"]
[EventType "swiss (rapid)"]
[EventRounds "7"]
[EventCountry "AUT"]
[SourceTitle "EXT 2022"]
[Source "ChessBase"]
[SourceDate "2021.10.06"]
[SourceVersion "1"]
[SourceVersionDate "2021.10.06"]
[SourceQuality "1"]

1. e4 d5 2. exd5 Qxd5 3. Nc3 Qd8 4. d4 Nc6 5. Nf3 Bg4 6. Be3 e6 7. Bb5 Bb4 8. 0-0 Bxc3 9. bxc3 Nge7 10. h3 Bxf3 11. Qxf3 0-0 12. Rab1 a6 13. Ba4 b5 14. Bb3 Na5 15. Rfe1 Nxb3 16. cxb3 Nd5 17. c4 Nc3 18. Rb2 bxc4 19. bxc4 Na4 20. Rb4 Nb6 21. d5 exd5 22. Bxb6 cxb6 23. Qxd5 Qxd5 24. cxd5 Rfd8 25. Rd1 b5 26. d6 h6 27. d7 Ra7 28. Rbd4 Rc7 29. Kf1 Rc2 30. a3 Rc3 31. Re1 Kh7 32. Re8 Rc1+ 33. Ke2 Rc2+ 34. Ke1 Rc1+ 35. Kd2 Rxd7 36. Rxd7 Ra1 37. Rd3 Ra2+ 38. Ke3 f6 39. Ra8 b4 40. Rxa6 bxa3 41. Raxa3 Rc2 42. Rac3 Rb2 43. Rc7 Kg6 44. Rdd7 Rb3+ 45. Ke2 Rb2+ 46. Kf1 Rb1+ 47. Ke2 Rb2+ 48. Ke3 Rb3+ 49. Rd3 Rb2 50. Kf3 Kh7 51. Kg3 h5 52. f3 Kh6 53. Rdd7 g6 54. h4 Rb6 55. Rh7# 1-0